000 01225cam a22003497a 4500
003 CHAP
005 20250529135320.0
008 030328d2002 mx r 00110 spa d
010 _a87070
011 _a88042
035 _a98587
040 _cCHAP
090 _aTesis
100 1 0 _aElizondo Gómez, Guadalupe
_936327
245 1 0 _aBeneficio húmedo y calidad de café en las regiones de Huatusco y Coatepec, Veracruz, México
_c/por Guadalupe Elizondo Gómez
260 _aChapingo, Méx. :
_bEl autor,
_c2002.
300 _a110 h. ;
_bgráfs.
502 _aTesis (Ing. Agroindustrial) -- UACH. Departamento de Ingenieria Agroindustrial
590 _aALEPH
_b10
_c20130110
_lUCH01
_h1453
590 _aBATCH-UPD
_b10
_c20130110
_lUCH01
_h0530
590 _aBATCH-UPD
_b10
_c20130410
_lUCH01
_h0209
590 _aBATCH-UPD
_b10
_c20130914
_lUCH01
_h0812
590 _aCONVERSION
_b10
_c20130109
_lUCH01
_h1348
650 1 4 _aCafé
_xAnálisis.
_917089
650 1 4 _aCafé
_xCalidad.
_917114
650 1 4 _aCafé
_zVeracruz.
901 _aBK
905 _aMayto Villalobos S.
942 _cFOLL
949 _aTesis
_bBC
_cTES
_d33724000887279
_eTS2
_fc.2
_h40593
_i98587
_si
949 _aTesis
_bBC
_cTES
_d98587123
_eTS1
_h40592
_i98587
_sb
999 _c87070
_d87070